000 01607nam a22002657a 4500
001 6427
003 FISKH
005 20250430092419.0
008 250430b cb ||||| |||| 00| 0 eng d
020 _a9788956354040
040 _aFISKH
_beng
_cFISKH
_dFISKH
050 _aPZ7
082 _a398.220943
100 _aGrimm, Brothers
245 _aThe twelve huntsmen /
_cBrothers Grimm
260 _aSongpa-gu :
_befuture,
_c2009.
300 _a34 pages :
_bcolor illustrations ;
_c21 cm
505 _aO
520 _aA young prince falls in love with a beautiful woman and promises to marry her. However, when his father becomes gravely ill, the prince is summoned home and, to please his dying father, agrees to marry another princess. Heartbroken, his first love devises a plan. She gathers eleven other women who resemble her in height and appearance. Disguised as twelve huntsmen, they go to the prince’s court and offer their service. The prince, unaware of their true identities, accepts them as his huntsmen. The prince's lion, a wise animal, suspects the huntsmen are actually women and warns the prince. The lion devises several tests to prove their true gender, but the clever women pass each one. Eventually, the prince overhears the leader (his former fiancée) speaking and realizes her true identity. Moved by love and her loyalty, he breaks off his engagement to the second princess and marries his original beloved.
521 8 _a600
_bLexile estimate
521 8 _aO
_bRaz-Plus
650 _aVoluntary
_vFiction
942 _2ddc
_cBK
_n0
999 _c6427
_d6427